Podsumowanie MŚ Katar 2022 - Statystyki

Ogólne statystyki
  • Ten quiz został rozwiązany 554 razy
  • Średni wynik to 6 z 10
Statystyki odpowiedzi
Zagadnienie Odpowiedź % Poprawnych
Kto został wybrany bramkarzem turnieju? Emiliano Martinez
100%
Kto został królem strzelców? Kylian Mbappe
100%
Kto strzelił gola w ostatniej akcji meczu Holandia - Argentyna? Wout Weghorst
100%
Ile goli zdobył Messi z karnych? 5
50%
Z kim Cristiano Ronaldo zdobył swoją jedyną bramkę? Ghana
50%
Kto strzelił decydującego karnego w finale Argentyna - Francja? Gonzalo Montiel
50%
Kto jako jedyny z reprezentacji Anglii otrzymał żółtą kartkę? Harry Maguire
50%
Finał odbył się na... Lusail Stadium
50%
Która z tych drużyn NIE wyszła z grupy? Niemcy
50%
Kto zdobył jako pierwszy 3 gole w jednym meczu? Gonçalo Ramos
0%
Nie znaleziono quizów pasujących do podanych kryteriów
Rozkład punktacji
Procent ludzi z każdym wynikiem
Percentyl według liczby udzielonych odpowiedzi
Twoja historia wyników
Nie rozwiązałeś tego quizu